The Effect of Asset Forfeiture on Policing: A Panel Approach - Data Notes

Saved in:  
Bibliographic Details
Authors: Kelly, Brian D. (Author) ; Kole, Maureen (Author)
Format: Electronic Book
Language:English
Published: [Erscheinungsort nicht ermittelbar] [Verlag nicht ermittelbar] 2013
In:Year: 2013
Online Access: Volltext (lizenzpflichtig)
Volltext (lizenzpflichtig)
Check availability: HBZ Gateway

MARC

LEADER 00000cam a22000002c 4500
001 1912527944
003 DE-627
005 20250121055010.0
007 cr uuu---uuuuu
008 241217s2013 xx |||||o 00| ||eng c
024 7 |a 10.2139/ssrn.2394360  |2 doi 
035 |a (DE-627)1912527944 
035 |a (DE-599)KXP1912527944 
040 |a DE-627  |b ger  |c DE-627  |e rda 
041 |a eng 
084 |a 2,1  |2 ssgn 
100 1 |a Kelly, Brian D.  |e VerfasserIn  |4 aut 
245 1 4 |a The Effect of Asset Forfeiture on Policing: A Panel Approach - Data Notes 
264 1 |a [Erscheinungsort nicht ermittelbar]  |b [Verlag nicht ermittelbar]  |c 2013 
336 |a Text  |b txt  |2 rdacontent 
337 |a Computermedien  |b c  |2 rdamedia 
338 |a Online-Ressource  |b cr  |2 rdacarrier 
700 1 |a Kole, Maureen  |e VerfasserIn  |4 aut 
787 0 8 |i Forschungsdaten  |a United States Department of Justice. Federal Bureau of Investigation  |t Uniform Crime Reporting Program Data (United States): Arrests by Age, Sex, and Race, Summarized Yearly, 2008  |d [Erscheinungsort nicht ermittelbar] : [Verlag nicht ermittelbar], 2010  |w (DE-627)1840053844 
787 0 8 |i Forschungsdaten  |a United States Department of Justice. Federal Bureau of Investigation  |t Uniform Crime Reporting Program Data (United States): Arrests by Age, Sex, and Race, Summarized Yearly, 2007  |d [Erscheinungsort nicht ermittelbar] : [Verlag nicht ermittelbar], 2009  |w (DE-627)1840054166 
787 0 8 |i Forschungsdaten  |a United States Department of Justice. Federal Bureau of Investigation  |t Uniform Crime Reporting Program Data (United States): Arrests by Age, Sex, and Race, Summarized Yearly, 2003  |d [Erscheinungsort nicht ermittelbar] : [Verlag nicht ermittelbar], 2010  |w (DE-627)1840053917 
787 0 8 |i Forschungsdaten  |a United States Department of Justice. Federal Bureau of Investigation  |t Uniform Crime Reporting Program Data (United States): Arrests by Age, Sex, and Race, Summarized Yearly, 2000  |d [Erscheinungsort nicht ermittelbar] : [Verlag nicht ermittelbar], 2004  |w (DE-627)1840054182 
787 0 8 |i Forschungsdaten  |a United States Department of Justice. Federal Bureau of Investigation  |t Uniform Crime Reporting Program Data (United States): Offenses Known and Clearances by Arrest, 2008  |d [Erscheinungsort nicht ermittelbar] : [Verlag nicht ermittelbar], 2010  |w (DE-627)1840053518 
787 0 8 |i Forschungsdaten  |a United States Department of Justice. Federal Bureau of Investigation  |t Uniform Crime Reporting Program Data (United States): Offenses Known and Clearances by Arrest, 2007  |d [Erscheinungsort nicht ermittelbar] : [Verlag nicht ermittelbar], 2009  |w (DE-627)184005459X 
787 0 8 |i Forschungsdaten  |a United States Department of Justice. Federal Bureau of Investigation  |t Uniform Crime Reporting Program Data (United States): Offenses Known and Clearances by Arrest, 2005  |d [Erscheinungsort nicht ermittelbar] : [Verlag nicht ermittelbar], 2007  |w (DE-627)1840057211 
787 0 8 |i Forschungsdaten  |a United States Department of Justice. Federal Bureau of Investigation  |t Uniform Crime Reporting Program Data (United States): Offenses Known and Clearances by Arrest, 2003  |d [Erscheinungsort nicht ermittelbar] : [Verlag nicht ermittelbar], 2005  |w (DE-627)1840066210 
787 0 8 |i Forschungsdaten  |a United States Department of Justice. Federal Bureau of Investigation  |t Uniform Crime Reporting Program Data (United States): Offenses Known and Clearances by Arrest, 2000  |d [Erscheinungsort nicht ermittelbar] : [Verlag nicht ermittelbar], 2002  |w (DE-627)1840065451 
787 0 8 |i Forschungsdaten  |a National Archive of Criminal Justice Data  |t Law Enforcement Agency Identifiers Crosswalk (United States), 2005  |d [Erscheinungsort nicht ermittelbar] : [Verlag nicht ermittelbar], 2007  |w (DE-627)1840058293 
787 0 8 |i Forschungsdaten  |a United States Department of Justice. Office of Justice Programs. Bureau of Justice Statistics  |t Law Enforcement Agency Identifiers Crosswalk (United States), 2000  |d [Erscheinungsort nicht ermittelbar] : [Verlag nicht ermittelbar], 2004  |w (DE-627)1840066539 
787 0 8 |i Forschungsdaten  |a USA. Federal Bureau of Investigation  |t National Incident-Based Reporting System, 2008  |d [Erscheinungsort nicht ermittelbar] : [Verlag nicht ermittelbar], 2010  |w (DE-627)1840053607 
787 0 8 |i Forschungsdaten  |a United States Department of Justice. Office of Justice Programs. Bureau of Justice Statistics  |t Survey of Inmates in Local Jails, 2002 (United States)  |d [Erscheinungsort nicht ermittelbar] : [Verlag nicht ermittelbar], 2006  |w (DE-627)1840049448 
787 0 8 |i Forschungsdaten  |a United States Department of Justice. Federal Bureau of Investigation  |t Uniform Crime Reporting Program Data (United States): Offenses Known and Clearances by Arrest, 2001  |d [Erscheinungsort nicht ermittelbar] : [Verlag nicht ermittelbar], 2003  |w (DE-627)1840065419 
787 0 8 |i Forschungsdaten  |a United States Department of Justice. Federal Bureau of Investigation  |t Uniform Crime Reporting Program Data (United States): Arrests by Age, Sex, and Race, 2008  |d [Erscheinungsort nicht ermittelbar] : [Verlag nicht ermittelbar], 2010  |w (DE-627)1840053836 
787 0 8 |i Forschungsdaten  |a United States Department of Justice. Federal Bureau of Investigation  |t Uniform Crime Reporting Program Data (United States): Arrests by Age, Sex, and Race, Summarized Yearly, 2004  |d [Erscheinungsort nicht ermittelbar] : [Verlag nicht ermittelbar], 2006  |w (DE-627)1840054212 
787 0 8 |i Forschungsdaten  |a United States Department of Justice. Federal Bureau of Investigation  |t Uniform Crime Reporting Program Data (United States): Arrests by Age, Sex, and Race, Summarized Yearly, 2001  |d [Erscheinungsort nicht ermittelbar] : [Verlag nicht ermittelbar], 2003  |w (DE-627)1840054190 
787 0 8 |i Forschungsdaten  |a United States Department of Justice. Office of Justice Programs. Bureau of Justice Statistics  |t Law Enforcement Management and Administrative Statistics (LEMAS), 2007  |d [Erscheinungsort nicht ermittelbar] : [Verlag nicht ermittelbar], 2011  |w (DE-627)1840050217 
787 0 8 |i Forschungsdaten  |a United States Department of Justice. Office of Justice Programs. Bureau of Justice Statistics  |t Law Enforcement Management and Administrative Statistics (LEMAS): 2003 Sample Survey of Law Enforcement Agencies  |d [Erscheinungsort nicht ermittelbar] : [Verlag nicht ermittelbar], 2006  |w (DE-627)1840059001 
787 0 8 |i Forschungsdaten  |a United States Department of Justice. Office of Justice Programs. Bureau of Justice Statistics  |t Law Enforcement Management and Administrative Statistics (LEMAS): 2000 Sample Survey of Law Enforcement Agencies  |d [Erscheinungsort nicht ermittelbar] : [Verlag nicht ermittelbar], 2003  |w (DE-627)1840055464 
856 4 0 |u https://doi.org/10.2139/ssrn.2394360  |x Resolving-System  |z lizenzpflichtig  |3 Volltext  |7 1 
856 4 0 |u https://ssrn-com.proxy.lib.umich.edu/abstract=2394360  |x Verlag  |z lizenzpflichtig  |3 Volltext  |7 1 
935 |a mkri 
951 |a BO 
ELC |a 1 
LOK |0 000 xxxxxcx a22 zn 4500 
LOK |0 001 4637493447 
LOK |0 003 DE-627 
LOK |0 004 1912527944 
LOK |0 005 20241217044356 
LOK |0 008 241217||||||||||||||||ger||||||| 
LOK |0 035   |a (DE-2619)ICPSR159155 
LOK |0 040   |a DE-2619  |c DE-627  |d DE-2619 
LOK |0 092   |o n 
LOK |0 852   |a DE-2619 
LOK |0 852 1  |9 00 
LOK |0 935   |a nacp 
LOK |0 939   |a 17-12-24  |b l01 
OAS |a 1 
ORI |a SA-MARC-krimdoka001.raw